Combien de ville des Yvelines (78) connais-tu ? - Statistiques

Statistiques générales
  • Ce quiz a été pris 113 fois
  • Le résultat moyen est 35 sur 259
Statistiques - réponses
Code postal Ville % Correct
78539 Versailles
84%
78300 Poissy
74%
78200 Mantes-la-Jolie
66%
78192 Trappes
65%
78100 Saint-Germain-en-Laye
64%
78120 Rambouillet
63%
78370 Plaisir
62%
78130 Les Mureaux
57%
78090 Sartrouville
57%
78280 Guyancourt
52%
78085 Mantes-la-Ville
51%
78188 Montigny-le-Bretonneux
51%
78700 Conflans-Sainte-Honorine
47%
78260 Achères
44%
78401 Chatou
44%
78800 Houilles
43%
78110 Le Vésinet
42%
78310 Maurepas
41%
78211 Saint-Cyr-l'École
40%
78160 Marly-le-Roi
38%
78995 Élancourt
37%
78600 Maisons-Laffitte
37%
78530 Buc
36%
78230 Le Pecq
36%
78410 Aubergenville
35%
78420 Carrières-sur-Seine
34%
78520 Limay
34%
78630 Orgeval
34%
78430 Louveciennes
33%
78153 Le Chesnay-Rocquencourt
31%
78955 Carrières-sous-Poissy
30%
78540 Vernouillet
30%
78550 Houdan
29%
78170 La Celle-Saint-Cloud
29%
78220 Viroflay
29%
78960 Voisins-le-Bretonneux
29%
78570 Andrésy
28%
78340 Les Clayes-sous-Bois
28%
78860 Saint-Nom-la-Bretèche
28%
78390 Bois-d'Arcy
27%
78580 Maule
27%
78240 Chambourcy
26%
78510 Triel-sur-Seine
26%
78450 Villepreux
26%
78650 Beynes
24%
78680 Épône
24%
78320 La Verrière
24%
78114 Magny-les-Hameaux
24%
78140 Vélizy-Villacoublay
24%
78780 Maurecourt
23%
78380 Bougival
22%
78310 Coignières
22%
78440 Gargenville
22%
78362 Montesson
22%
78590 Noisy-le-Roi
22%
78480 Verneuil-sur-Seine
22%
78670 Villennes-sur-Seine
22%
78354 Jouy-en-Josas
21%
78612 Les Essarts-le-Roi
21%
78440 Porcheville
21%
78470 Saint-Rémy-lès-Chevreuse
21%
78570 Chanteloup-les-Vignes
20%
78460 Chevreuse
20%
78290 Croissy-sur-Seine
20%
78330 Fontenay-le-Fleury
20%
78490 Montfort-l'Amaury
20%
78710 Rosny-sur-Seine
20%
78740 Vaux-sur-Seine
20%
78870 Bailly
19%
78750 Mareil-Marly
19%
78250 Meulan-en-Yvelines
19%
78770 Thoiry
19%
78270 Bonnières-sur-Seine
17%
78440 Issou
17%
78610 Le Perray-en-Yvelines
17%
78660 Ablis
16%
78600 Le Mesnil-le-Roi
16%
78200 Magnanville
16%
78970 Mézières-sur-Seine
16%
78250 Hardricourt
15%
78322 Le Mesnil-Saint-Denis
15%
78620 L'Étang-la-Ville
15%
78670 Médan
15%
78730 Saint-Arnoult-en-Yvelines
15%
78410 Bouafle
14%
78200 Buchelay
14%
78810 Feucherolles
14%
78560 Le Port-Marly
14%
78124 Mareil-sur-Mauldre
14%
78117 Toussus-le-Noble
14%
78117 Châteaufort
13%
78410 Flins-sur-Seine
13%
78950 Gambais
13%
78940 La Queue-les-Yvelines
13%
78630 Morainvilliers
13%
78640 Neauphle-le-Château
13%
78980 Bréval
12%
78920 Ecquevilly
12%
78490 Méré
12%
78410 Nézel
12%
78910 Orgerus
12%
78640 Villiers-Saint-Frédéric
12%
78125 Gazeran
10%
78820 Juziers
10%
78350 Les Loges-en-Josas
10%
78790 Septeuil
10%
78550 Bazainville
9%
78130 Chapet
9%
78120 Clairefontaine-en-Yvelines
9%
78720 Dampierre-en-Yvelines
9%
78890 Garancières
9%
78550 Richebourg
9%
78610 Saint-Léger-en-Yvelines
9%
78910 Tacoignières
9%
78240 Aigremont
8%
78720 Cernay-la-Ville
8%
78121 Crespières
8%
78760 Jouars-Pontchartrain
8%
78580 Jumeauville
8%
78610 Les Bréviaires
8%
78590 Rennemoulin
8%
78720 Senlisse
8%
78850 Thiverval-Grignon
8%
78125 Vieille-Église-en-Yvelines
8%
78660 Allainville
7%
78770 Andelu
7%
78580 Bazemont
7%
78450 Chavenay
7%
78840 Freneuse
7%
78440 Jambville
7%
78410 La Falaise
7%
78320 Lévis-Saint-Nom
7%
78840 Moisson
7%
78640 Neauphle-le-Vieux
7%
78730 Rochefort-en-Yvelines
7%
78120 Sonchamp
7%
78910 Béhoust
6%
78830 Bullion
6%
78460 Choisel
6%
78580 Herbeville
6%
78580 Les Alluets-le-Roi
6%
78490 Les Mesnuls
6%
78980 Longnes
6%
78770 Marcq
6%
78550 Maulette
6%
78124 Montainville
6%
78250 Oinville-sur-Montcient
6%
78730 Ponthévrard
6%
78720 Saint-Forget
6%
78640 Saint-Germain-de-la-Grange
6%
78520 Saint-Martin-la-Garenne
6%
78690 Saint-Rémy-l'Honoré
6%
78930 Vert
6%
78113 Adainville
5%
78610 Auffargis
5%
78126 Aulnay-sur-Mauldre
5%
78930 Guerville
5%
78270 Limetz-Villez
5%
78730 Longvilliers
5%
78490 Mareil-le-Guyon
5%
78470 Milon-la-Chapelle
5%
78270 Mousseaux-sur-Seine
5%
78270 Notre-Dame-de-la-Mer
5%
78125 Orphin
5%
78660 Orsonville
5%
78200 Perdreauville
5%
78470 Saint-Lambert
5%
78790 Tilly
5%
78790 Arnouville-lès-Mantes
3%
78770 Auteuil
3%
78490 Bazoches-sur-Guyonne
3%
78270 Blaru
3%
78830 Bonnelles
3%
78113 Bourdonné
3%
78113 Condé-sur-Vesgre
3%
78111 Dammartin-en-Serve
3%
78810 Davron
3%
78740 Évecquemont
3%
78270 Gommecourt
3%
78930 Goussonville
3%
78550 Gressey
3%
78125 La Boissière-École
3%
78270 La Villeneuve-en-Chevrie
3%
78490 Le Tremblay-sur-Mauldre
3%
78250 Mézy-sur-Seine
3%
78125 Mittainville
3%
78440 Montalet-le-Bois
3%
78790 Montchauvet
3%
78980 Neauphlette
3%
78125 Orcemont
3%
78910 Orvilliers
3%
78660 Paray-Douaville
3%
78660 Prunay-en-Yvelines
3%
78125 Raizeux
3%
78730 Sainte-Mesme
3%
78125 Saint-Hilarion
3%
78660 Saint-Martin-de-Bréthencourt
3%
78250 Tessancourt-sur-Aubette
3%
78930 Villette
3%
78770 Autouillet
2%
78270 Bennecourt
2%
78930 Boinville-en-Mantois
2%
78660 Boinville-le-Gaillard
2%
78910 Boissets
2%
78490 Boissy-sans-Avoir
2%
78930 Breuil-Bois-Robert
2%
78440 Brueil-en-Vexin
2%
78910 Civry-la-Forêt
2%
78270 Cravent
2%
78440 Drocourt
2%
78200 Favrieux
2%
78200 Flacourt
2%
78200 Fontenay-Mauvoisin
2%
78440 Fontenay-Saint-Père
2%
78250 Gaillon-sur-Montcient
2%
78490 Galluis
2%
78490 Gambaiseuil
2%
78770 Goupillières
2%
78113 Grandchamp
2%
78490 Grosrouvre
2%
78520 Guernes
2%
78440 Guitrancourt
2%
78790 Hargeville
2%
78125 Hermeray
2%
78200 Jouy-Mauvoisin
2%
78720 La Celle-les-Bordes
2%
78113 La Hauteville
2%
78440 Lainville-en-Vexin
2%
78113 Le Tartre-Gaudran
2%
78200 Ménerville
2%
78270 Méricourt
2%
78940 Millemont
2%
78980 Mondreville
2%
78790 Mulcent
2%
78125 Poigny-la-Forêt
2%
78270 Rolleboise
2%
78790 Rosay
2%
78980 Saint-Illiers-la-Ville
2%
78980 Saint-Illiers-le-Bois
2%
78790 Saint-Martin-des-Champs
2%
78650 Saulx-Marchais
2%
78490 Vicq
2%
78770 Villiers-le-Mahieu
2%
78200 Boissy-Mauvoisin
1%
78270 Chaufour-lès-Bonnières
1%
78790 Courgent
1%
78550 Dannemarie
1%
78125 Émancé
1%
78910 Flexanville
1%
78790 Flins-Neuve-Église
1%
78520 Follainville-Dennemont
1%
78980 Le Tertre-Saint-Denis
1%
78270 Lommoye
1%
78910 Osmoy
1%
78910 Prunay-le-Temple
1%
78440 Sailly
1%
78200 Soindres
1%
78930 Auffreville-Brasseuil
0%
78200 Boinvilliers
0%
Aucun quiz correspondant
Distribution des résultats
% des personnes avec chaque résultat
Percentile par nombre de réponses
Votre historique - résultats
Vous n’avez pas pris ce quiz